[Event "Prague Golden Blitz op 19th"]
[Site "Prague"]
[Date "2024.06.27"]
[Round "10"]
[White "Plesnivy, Martin"]
[Black "Kolbusovsky, Michal"]
[Result "0-1"]
[WhiteElo "1823"]
[BlackElo "1935"]
[PlyCount "63"]
[EventDate "2024.06.27"]
[EventType "swiss (blitz)"]
[EventRounds "11"]
[EventCountry "CZE"]
[SourceTitle "EXT 2025"]
[Source "ChessBase"]
[SourceDate "2024.10.14"]
[SourceVersion "1"]
[SourceVersionDate "2024.10.14"]
[SourceQuality "1"]

1. d4 d5 2. Nf3 Nf6 3. c4 dxc4 4. e3 e6 5. Bxc4 a6 6. Nc3 b5 7. Bd3 c5 8. 0-0 Bb7 9. dxc5 Bxc5 10. Bc2 Nc6 11. Qxd8+ Rxd8 12. e4 0-0 13. Bg5 Nd4 14. Nxd4 Bxd4 15. Kh1 h6 16. Bxf6 Bxf6 17. Rad1 Bd4 18. f3 e5 19. Rd3 Rc8 20. Bb1 b4 21. Nd5 Bxd5 22. exd5 Bxb2 23. d6 Rfd8 24. Rfd1 Bd4 25. f4 f6 26. fxe5 fxe5 27. Rxd4 exd4 28. g3 Rxd6 29. Bd3 a5 30. Be4 Rc3 31. Kg2 Ra3 32. Bd3 0-1

[Event "Prague Golden Blitz op 19th"]
[Site "Prague"]
[Date "2024.06.27"]
[Round "4"]
[White "Plesnivy, Martin"]
[Black "Laska, Vaclav"]
[Result "0-1"]
[WhiteElo "1823"]
[BlackElo "1899"]
[PlyCount "54"]
[EventDate "2024.06.27"]
[EventType "swiss (blitz)"]
[EventRounds "11"]
[EventCountry "CZE"]
[SourceTitle "EXT 2025"]
[Source "ChessBase"]
[SourceDate "2024.10.14"]
[SourceVersion "1"]
[SourceVersionDate "2024.10.14"]
[SourceQuality "1"]

1. d4 d5 2. Nf3 Nf6 3. c4 e6 4. e3 c6 5. Nc3 a6 6. a4 Bb4 7. Bd3 h6 8. Bd2 0-0 9. 0-0 c5 10. Qe2 Nc6 11. cxd5 Bxc3 12. Bxc3 Nxd5 13. Rfd1 cxd4 14. Nxd4 Bd7 15. Qg4 Nxc3 16. bxc3 e5 17. Nf5 Qf6 18. Be4 Rad8 19. Rd6 Bxf5 20. Qxf5 Qxf5 21. Bxf5 Rxd6 22. Rb1 Rfd8 23. Bg4 f5 24. Be2 Rd2 25. Bc4+ Kh8 26. Rxb7 Na5 27. Bf1 Nxb7 0-1

[Event "Prague Golden Blitz op 19th"]
[Site "Prague"]
[Date "2024.06.27"]
[Round "8"]
[White "Plesnivy, Martin"]
[Black "Legkostup, Maxim"]
[Result "1-0"]
[WhiteElo "1823"]
[BlackElo "1879"]
[PlyCount "75"]
[EventDate "2024.06.27"]
[EventType "swiss (blitz)"]
[EventRounds "11"]
[EventCountry "CZE"]
[SourceTitle "EXT 2025"]
[Source "ChessBase"]
[SourceDate "2024.10.14"]
[SourceVersion "1"]
[SourceVersionDate "2024.10.14"]
[SourceQuality "1"]

1. d4 Nf6 2. Nf3 e6 3. c4 d5 4. e3 b6 5. Nc3 Bb7 6. Bd3 dxc4 7. Bxc4 Be7 8. Qe2 Ne4 9. 0-0 Nd7 10. Bd3 Ndf6 11. Qc2 Nxc3 12. bxc3 c5 13. e4 cxd4 14. cxd4 Rc8 15. Qe2 h6 16. Bb5+ Bc6 17. Bxc6+ Rxc6 18. Qb5 Qd7 19. Ne5 Rc5 20. Qxd7+ Nxd7 21. dxc5 Nxe5 22. cxb6 axb6 23. Be3 Nc4 24. Rac1 b5 25. a4 Nxe3 26. fxe3 0-0 27. axb5 Rb8 28. Rc7 Bf6 29. Rc5 Be7 30. Re5 Bf6 31. Rc5 Be7 32. Rc7 Bf6 33. e5 Bxe5 34. Rcxf7 Rxb5 35. g3 Rb3 36. R7f3 Bf6 37. e4 e5 38. Rxb3 1-0

[Event "Prague Golden Blitz op 19th"]
[Site "Prague"]
[Date "2024.06.27"]
[Round "6"]
[White "Plesnivy, Martin"]
[Black "Mikhno, Artem"]
[Result "0-1"]
[WhiteElo "1823"]
[BlackElo "1881"]
[PlyCount "130"]
[EventDate "2024.06.27"]
[EventType "swiss (blitz)"]
[EventRounds "11"]
[EventCountry "CZE"]
[SourceTitle "EXT 2025"]
[Source "ChessBase"]
[SourceDate "2024.10.14"]
[SourceVersion "1"]
[SourceVersionDate "2024.10.14"]
[SourceQuality "1"]

1. d4 Nf6 2. Nf3 g6 3. c4 Bg7 4. Nc3 d5 5. e3 0-0 6. Bd3 b6 7. cxd5 Nxd5 8. e4 Nxc3 9. bxc3 c5 10. Be3 Bb7 11. 0-0 cxd4 12. Bxd4 Nc6 13. Bxg7 Kxg7 14. Qe2 e5 15. Rfd1 Qe7 16. Rab1 Rac8 17. Ba6 Bxa6 18. Qxa6 Na5 19. Qd3 Rfd8 20. Qc2 f6 21. Rbc1 Rc7 22. Rxd8 Qxd8 23. Rd1 Rd7 24. Rxd7+ Qxd7 25. Qd2 Qxd2 26. Nxd2 Kf7 27. Kf1 Ke6 28. Ke2 Kd6 29. Kd3 Nb7 30. Kc4 a6 31. Kb4 Nc5 32. Nc4+ Kc6 33. f3 Nd3+ 34. Kb3 Ne1 35. Ne3 Kc5 36. Nd5 f5 37. Ne7 fxe4 38. fxe4 Nxg2 39. c4 Ne3 40. Kc3 Nxc4 41. Ng8 Nd6 42. Nf6 a5 43. Nxh7 Nxe4+ 44. Kd3 Nd6 45. Ke3 b5 46. Nf8 b4 47. Nxg6 Nc4+ 48. Kd3 a4 49. h4 Kd5 50. Ne7+ Kc5 51. h5 Nd6 52. h6 Nf7 53. h7 Nh8 54. Nf5 Kd5 55. Ne3+ Kc5 56. Ke4 b3 57. axb3 axb3 58. Kd3 Kb4 59. Kd2 Ka3 60. Kc1 Ka2 61. Nc4 e4 62. Kd2 Ng6 63. Ke3 Ne5 64. h8Q Nxc4+ 65. Kxe4 b2 0-1

[Event "Prague Golden Blitz op 19th"]
[Site "Prague"]
[Date "2024.06.27"]
[Round "2"]
[White "Plesnivy, Martin"]
[Black "Rous, Dominik"]
[Result "0-1"]
[WhiteElo "1823"]
[BlackElo "1963"]
[PlyCount "118"]
[EventDate "2024.06.27"]
[EventType "swiss (blitz)"]
[EventRounds "11"]
[EventCountry "CZE"]
[SourceTitle "EXT 2025"]
[Source "ChessBase"]
[SourceDate "2024.10.14"]
[SourceVersion "1"]
[SourceVersionDate "2024.10.14"]
[SourceQuality "1"]

1. d4 d6 2. c4 g6 3. Nc3 Bg7 4. e4 Nf6 5. Nf3 c6 6. Be2 0-0 7. h3 a6 8. Be3 Nbd7 9. Qd2 b5 10. cxb5 cxb5 11. Bd3 Bb7 12. b4 Nb6 13. e5 dxe5 14. dxe5 Nfd5 15. Bd4 Nxc3 16. Bxc3 e6 17. 0-0 Bxf3 18. gxf3 Qh4 19. Kg2 Nd5 20. Rh1 Rfd8 21. Qc2 Nf4+ 22. Kf1 Nxd3 23. Rd1 Nxe5 24. Rxd8+ Rxd8 25. Qe4 Nxf3 26. Qxf3 Qc4+ 27. Kg2 Qxc3 28. Qxc3 Bxc3 29. a3 Rd2 30. Rc1 Bd4 31. Rf1 Rc2 32. Kf3 e5 33. Ke4 f6 34. f4 Rc3 35. fxe5 fxe5 36. Re1 Rxh3 37. Rc1 Rc3 38. Rf1 Rxa3 39. Rf6 Ra4 40. Re6 Rxb4 41. Rxa6 Kg7 42. Kd5 Rb1 43. Ke6 Rf1 44. Ra7+ Kh6 45. Ra2 g5 46. Rh2+ Kg6 47. Ra2 h6 48. Kd5 g4 49. Ra5 b4 50. Rb5 Bc3 51. Rb6+ Kg5 52. Ke4 Rf4+ 53. Ke3 h5 54. Rb8 g3 55. Rg8+ Kh4 56. Ke2 Kh3 57. Rg5 h4 58. Kd1 b3 59. Kc1 Rf1# 0-1

[Event "Prague Mencik Memorial 6th"]
[Site "Prague"]
[Date "2023.09.24"]
[Round "7"]
[White "Hajiyev, Kanan"]
[Black "Plesnivy, Martin"]
[Result "1-0"]
[WhiteElo "2122"]
[BlackElo "1792"]
[PlyCount "57"]
[EventDate "2023.09.24"]
[EventType "swiss"]
[EventRounds "9"]
[EventCountry "CZE"]
[SourceTitle "CBM 216 Extra"]
[Source "ChessBase"]
[SourceDate "2023.11.30"]
[SourceVersion "1"]
[SourceVersionDate "2023.11.30"]
[SourceQuality "1"]

1. d4 d5 2. c4 e6 3. Nc3 Nf6 4. cxd5 exd5 5. Qc2 Be7 6. Bf4 0-0 7. e3 c6 8. Bd3 Nbd7 9. Nf3 h6 10. 0-0 Re8 11. h3 Nf8 12. Ne5 Ne6 13. Bh2 Rf8 14. f4 Nd7 15. Rae1 Nxe5 16. fxe5 c5 17. Qf2 cxd4 18. exd4 Ng5 19. Kh1 Be6 20. Bc2 a6 21. Bf4 b5 22. a3 Rc8 23. Qg3 Ne4 24. Rxe4 dxe4 25. Bxh6 g6 26. Bxe4 Kh7 27. Bxf8 Bxf8 28. d5 Bd7 29. Rxf7+ 1-0

[Event "Prague Golden Blitz op"]
[Site "Prague"]
[Date "2023.06.18"]
[Round "2"]
[White "Plesnivy, Martin"]
[Black "Svoboda, Milos"]
[Result "1/2-1/2"]
[WhiteElo "1682"]
[BlackElo "2032"]
[PlyCount "92"]
[EventDate "2023.06.18"]
[EventType "swiss (blitz)"]
[EventRounds "11"]
[EventCountry "CZE"]
[SourceTitle "CBM 215 Extra"]
[Source "ChessBase"]
[SourceDate "2023.09.30"]
[SourceVersion "1"]
[SourceVersionDate "2023.09.30"]
[SourceQuality "1"]

1. d4 f5 2. g3 Nf6 3. Bg2 e6 4. Nf3 d5 5. Bg5 Be7 6. Nbd2 0-0 7. c4 c6 8. Qb3 b6 9. Rc1 Bb7 10. 0-0 Ne4 11. Bxe7 Qxe7 12. Nxe4 fxe4 13. Ne5 Nd7 14. Nxd7 Qxd7 15. e3 Rf6 16. f3 Ba6 17. cxd5 Bxf1 18. dxc6 Qc7 19. Bxf1 exf3 20. Bh3 Re8 21. d5 exd5 22. Qxd5+ Kf8 23. Qd7 Qxd7 24. Bxd7 Rd8 25. c7 Ke7 26. c8Q Rxc8 27. Bxc8 Rd6 28. Kf2 Rd2+ 29. Kxf3 Rxb2 30. Bf5 g6 31. Rc7+ Kf6 32. Bg4 h5 33. Bc8 Rxa2 34. Rc6+ Kg7 35. Be6 Rxh2 36. Rc7+ Kf6 37. Bd5 Rd2 38. e4 Rd3+ 39. Ke2 Ra3 40. Rc6+ Kg5 41. Bf7 Kh6 42. Rxg6+ Kh7 43. Rg5 Kh6 44. Rg6+ Kh7 45. Rg5 Kh6 46. Rg6+ Kh7 1/2-1/2

[Event "Prague Golden Blitz op"]
[Site "Prague"]
[Date "2023.06.18"]
[Round "11"]
[White "Rudiano, Nicolas"]
[Black "Plesnivy, Martin"]
[Result "1/2-1/2"]
[WhiteElo "1951"]
[BlackElo "1682"]
[PlyCount "79"]
[EventDate "2023.06.18"]
[EventType "swiss (blitz)"]
[EventRounds "11"]
[EventCountry "CZE"]
[SourceTitle "CBM 215 Extra"]
[Source "ChessBase"]
[SourceDate "2023.09.30"]
[SourceVersion "1"]
[SourceVersionDate "2023.09.30"]
[SourceQuality "1"]

1. e4 c5 2. Nf3 Nc6 3. Nc3 e6 4. d4 cxd4 5. Nxd4 a6 6. Be2 Bc5 7. Be3 Ba7 8. 0-0 Nf6 9. Nxc6 bxc6 10. Bxa7 Rxa7 11. e5 Nd5 12. Ne4 0-0 13. g3 Qc7 14. Qd4 Qb6 15. Qxb6 Nxb6 16. Rfd1 f6 17. exf6 gxf6 18. f4 d5 19. Nc5 e5 20. Rf1 Bh3 21. Rf2 Nd7 22. Nxd7 Bxd7 23. fxe5 fxe5 24. Rxf8+ Kxf8 25. Rf1+ Kg7 26. Bh5 Be6 27. b3 Bf7 28. Bxf7 Rxf7 29. Re1 e4 30. Kg2 Kf6 31. c3 Ke5 32. b4 Rf3 33. Rc1 Rd3 34. g4 Rd2+ 35. Kg3 Rxa2 36. h4 Ra3 37. Kf2 Kf4 38. g5 Ra2+ 39. Kg1 Kg4 40. c4 1/2-1/2

[Event "Prague Golden Blitz op"]
[Site "Prague"]
[Date "2023.06.18"]
[Round "7"]
[White "Zoubek, David"]
[Black "Plesnivy, Martin"]
[Result "0-1"]
[WhiteElo "1801"]
[BlackElo "1682"]
[PlyCount "116"]
[EventDate "2023.06.18"]
[EventType "swiss (blitz)"]
[EventRounds "11"]
[EventCountry "CZE"]
[SourceTitle "CBM 215 Extra"]
[Source "ChessBase"]
[SourceDate "2023.09.30"]
[SourceVersion "1"]
[SourceVersionDate "2023.09.30"]
[SourceQuality "1"]

1. d4 d5 2. c4 e6 3. Nc3 Nf6 4. Bg5 Be7 5. e3 c6 6. Nf3 0-0 7. Bd3 dxc4 8. Bxc4 Nd5 9. Bxe7 Qxe7 10. 0-0 Nxc3 11. bxc3 Nd7 12. e4 Nb6 13. Bd3 Rd8 14. Qe2 Nd7 15. c4 Nf8 16. Rfd1 c5 17. d5 exd5 18. cxd5 Bg4 19. h3 Bxf3 20. Qxf3 Ng6 21. Qg3 Qe5 22. Qe3 b6 23. g3 Qe7 24. f4 Rxd5 25. Qf3 Rd4 26. e5 Rad8 27. Bb5 Rxd1+ 28. Rxd1 Rxd1+ 29. Qxd1 h6 30. Qf3 Qc7 31. Qd5 Ne7 32. Qe4 Qd8 33. Bd3 Qd4+ 34. Qxd4 cxd4 35. Be4 Kf8 36. Kf2 g5 37. Ke2 gxf4 38. gxf4 f5 39. exf6 Ng8 40. Kd3 Nxf6 41. Bf3 Ke7 42. Kxd4 Kd6 43. a4 Nd7 44. Bd1 Nc5 45. f5 Ke7 46. Ke5 Nd3+ 47. Kd4 Nf2 48. Bf3 Nxh3 49. Ke5 Ng5 50. f6+ Kf8 51. Kf5 Nxf3 52. Kg6 a6 53. Kxh6 Kf7 54. Kh5 b5 55. axb5 axb5 56. Kg4 b4 57. Kxf3 b3 58. Ke2 b2 0-1

[Event "Prague Summer Holiday K1"]
[Site "Prague"]
[Date "2022.07.27"]
[Round "6"]
[White "Geike, Eberhard"]
[Black "Plesnivy, Martin"]
[Result "0-1"]
[WhiteElo "1801"]
[BlackElo "1644"]
[PlyCount "70"]
[EventDate "2022.07.24"]
[EventType "tourn"]
[EventRounds "9"]
[EventCountry "CZE"]
[SourceTitle "CBM 209 Extra"]
[Source "ChessBase"]
[SourceDate "2022.09.30"]
[SourceVersion "1"]
[SourceVersionDate "2022.09.30"]
[SourceQuality "1"]

1. e4 c5 2. Nf3 Nc6 3. d4 cxd4 4. Nxd4 a6 5. Nc3 e6 6. Nf3 Bc5 7. Bd3 Nf6 8. 0-0 d6 9. Ne2 0-0 10. c3 Ng4 11. b4 Ba7 12. Bg5 Qc7 13. Bh4 Nge5 14. Nxe5 Nxe5 15. Rc1 Bd7 16. Bb1 Bb5 17. Re1 f6 18. Nd4 Bc4 19. Kh1 Ng6 20. Bg3 Rad8 21. a3 Ne5 22. f4 Nc6 23. Nf3 d5 24. Qc2 g6 25. f5 e5 26. fxg6 dxe4 27. Rxe4 Bd3 28. gxh7+ Kh8 29. Qb3 Bxe4 30. Bxe4 Qf7 31. Qc2 Be3 32. Rf1 Qc4 33. Re1 Bh6 34. Qf2 Qxc3 35. Bh4 Ne7 0-1

[Event "Prague Golden op"]
[Site "Prague"]
[Date "2022.07.17"]
[Round "9"]
[White "Plesnivy, Martin"]
[Black "Beinhauer, Bernard"]
[Result "0-1"]
[WhiteElo "1666"]
[BlackElo "1589"]
[PlyCount "62"]
[EventDate "2022.07.09"]
[EventType "swiss"]
[EventRounds "9"]
[EventCountry "CZE"]
[SourceTitle "CBM 209 Extra"]
[Source "ChessBase"]
[SourceDate "2022.09.30"]
[SourceVersion "1"]
[SourceVersionDate "2022.09.30"]
[SourceQuality "1"]

1. d4 Nf6 2. Nf3 g6 3. c4 Bg7 4. Nc3 0-0 5. e4 d6 6. Bd3 e5 7. d5 a5 8. Be3 Na6 9. Qd2 Nc5 10. Bxc5 dxc5 11. Nxe5 Nxe4 12. Nxe4 Bxe5 13. Nxc5 Re8 14. 0-0-0 b5 15. h4 bxc4 16. Bxc4 Bf5 17. f4 Bg7 18. Bb5 Qe7 19. Nd3 Red8 20. Rde1 Qd6 21. Bc4 c6 22. Ne5 cxd5 23. Bd3 Bxd3 24. Nxd3 a4 25. Qb4 Qa6 26. Ne5 Bxe5 27. Rxe5 Qd3 28. Qd2 Rac8+ 29. Kd1 Qb1+ 30. Ke2 Qxh1 31. Ke3 Qc1 0-1

[Event "Prague Golden op"]
[Site "Prague"]
[Date "2022.07.16"]
[Round "8"]
[White "Bohatyrov, Mykola"]
[Black "Plesnivy, Martin"]
[Result "0-1"]
[WhiteElo "1403"]
[BlackElo "1666"]
[PlyCount "50"]
[EventDate "2022.07.09"]
[EventType "swiss"]
[EventRounds "9"]
[EventCountry "CZE"]
[SourceTitle "CBM 209 Extra"]
[Source "ChessBase"]
[SourceDate "2022.09.30"]
[SourceVersion "1"]
[SourceVersionDate "2022.09.30"]
[SourceQuality "1"]

1. c4 c5 2. g3 g6 3. Bg2 Bg7 4. Nf3 Nf6 5. 0-0 Nc6 6. Nc3 e6 7. d4 cxd4 8. Nxd4 Nxd4 9. Qxd4 0-0 10. e4 Nd5 11. Qd3 Nxc3 12. bxc3 Qa5 13. Bd2 b6 14. e5 Rb8 15. f4 Ba6 16. Rfe1 Qc5+ 17. Qd4 Bxc4 18. Qxc5 bxc5 19. Be3 Rfc8 20. Red1 Rc7 21. Rd2 f6 22. exf6 Bxf6 23. Rc1 d5 24. g4 Rd8 25. Kf2 d4 0-1

[Event "Prague Golden op"]
[Site "Prague"]
[Date "2022.07.11"]
[Round "3"]
[White "Plesnivy, Martin"]
[Black "Sovany, Attila"]
[Result "1/2-1/2"]
[WhiteElo "1666"]
[BlackElo "1817"]
[PlyCount "132"]
[EventDate "2022.07.09"]
[EventType "swiss"]
[EventRounds "9"]
[EventCountry "CZE"]
[SourceTitle "CBM 209 Extra"]
[Source "ChessBase"]
[SourceDate "2022.09.30"]
[SourceVersion "1"]
[SourceVersionDate "2022.09.30"]
[SourceQuality "1"]

1. d4 Nf6 2. Nf3 e6 3. c4 Bb4+ 4. Nc3 0-0 5. e3 c5 6. Bd3 b6 7. 0-0 Bxc3 8. bxc3 Bb7 9. Rb1 Qc7 10. Nd2 d5 11. cxd5 exd5 12. Qe2 Nbd7 13. Ba6 Ne4 14. Nxe4 dxe4 15. Bxb7 Qxb7 16. Rd1 Rfd8 17. Ba3 Qc7 18. c4 Rac8 19. Rbc1 Qc6 20. d5 Qa4 21. Qb2 f6 22. Qb3 Qxb3 23. axb3 Ne5 24. Rc3 Nd3 25. f3 f5 26. fxe4 fxe4 27. Rf1 Rf8 28. Rc2 a5 29. Bb2 Rxf1+ 30. Kxf1 Rf8+ 31. Kg1 a4 32. bxa4 Ra8 33. a5 Rxa5 34. d6 Kf7 35. d7 Ra8 36. Bc3 Rd8 37. Ra2 Rxd7 38. Ra6 Rb7 39. g4 g6 40. Ra8 Ke6 41. Re8+ Kd7 42. Rxe4 b5 43. cxb5 Rxb5 44. Bf6 Rb4 45. Re7+ Kd6 46. Rxh7 Rxg4+ 47. Kf1 c4 48. Rh8 Ne5 49. Bxe5+ Kxe5 50. Rc8 Kd5 51. Kf2 Rh4 52. Kg3 Re4 53. Kf3 Re6 54. Ke2 Rc6 55. Rd8+ Ke5 56. Kd2 Kf5 57. Rd4 g5 58. Kc3 g4 59. Rf4+ Kg5 60. Rxc4 Rxc4+ 61. Kxc4 Kh4 62. e4 Kh3 63. e5 Kxh2 64. e6 g3 65. e7 g2 66. e8Q g1Q 1/2-1/2

[Event "Prague Golden op"]
[Site "Prague"]
[Date "2022.07.10"]
[Round "2"]
[White "Hajiyev, Kanan"]
[Black "Plesnivy, Martin"]
[Result "1-0"]
[WhiteElo "2142"]
[BlackElo "1666"]
[PlyCount "97"]
[EventDate "2022.07.09"]
[EventType "swiss"]
[EventRounds "9"]
[EventCountry "CZE"]
[SourceTitle "CBM 209 Extra"]
[Source "ChessBase"]
[SourceDate "2022.09.30"]
[SourceVersion "1"]
[SourceVersionDate "2022.09.30"]
[SourceQuality "1"]

1. d4 d5 2. c4 e6 3. Nc3 Nf6 4. Bg5 Be7 5. e3 c6 6. Nf3 0-0 7. Qc2 Nbd7 8. cxd5 exd5 9. Bd3 h6 10. Bh4 Re8 11. 0-0 Nf8 12. Rab1 Ne4 13. Bxe7 Qxe7 14. b4 Nxc3 15. Qxc3 Bg4 16. Ne5 Bh5 17. Qc5 Qxc5 18. bxc5 Re7 19. Bf5 f6 20. Nd3 Bg6 21. Bxg6 Nxg6 22. Rb3 a6 23. Rfb1 Ra7 24. g3 Nf8 25. Nf4 g5 26. Nh5 Kf7 27. g4 Ne6 28. Kg2 Nd8 29. Ng3 Kg6 30. h4 gxh4 31. Nf5 Rh7 32. Nxh4+ Kg5 33. Kg3 h5 34. f4+ Kh6 35. Nf5+ Kg6 36. Rh1 hxg4 37. Rxh7 Kxh7 38. Kxg4 Ra8 39. Nd6 Rb8 40. Kf5 Kg7 41. Rb2 Nf7 42. Rg2+ Kf8 43. Kxf6 Nxd6 44. cxd6 Rd8 45. Ke6 Re8+ 46. Kd7 Rxe3 47. Kc7 Rh3 48. d7 Rh7 49. Kc8 1-0

[Event "Prague Golden op"]
[Site "Prague"]
[Date "2021.07.17"]
[Round "8"]
[White "Plesnivy, Martin"]
[Black "Bara, Jan"]
[Result "1-0"]
[WhiteElo "1668"]
[BlackElo "1310"]
[PlyCount "123"]
[EventDate "2021.07.10"]
[EventType "swiss"]
[EventRounds "9"]
[EventCountry "CZE"]
[SourceTitle "CBM 203 Extra"]
[Source "ChessBase"]
[SourceDate "2021.09.30"]
[SourceVersion "1"]
[SourceVersionDate "2021.09.30"]
[SourceQuality "1"]

1. d4 Nf6 2. Nf3 g6 3. c4 Bg7 4. Nc3 0-0 5. e4 d6 6. Bd3 Bg4 7. h3 Bxf3 8. Qxf3 Nbd7 9. Be3 e5 10. 0-0 exd4 11. Bxd4 Ne5 12. Bxe5 dxe5 13. Rfd1 Qe7 14. Nd5 Nxd5 15. cxd5 Qb4 16. b3 Rae8 17. Rac1 Re7 18. Rc4 Qd6 19. Rdc1 Rc8 20. Qe3 a6 21. Qc5 Qxc5 22. Rxc5 Rd7 23. g4 Bf8 24. R5c4 c6 25. Be2 c5 26. g5 Rcd8 27. Bg4 Rc7 28. b4 b5 29. Rxc5 Bxc5 30. bxc5 Kf8 31. c6 Ke7 32. Rc3 Rd6 33. Ra3 Ra7 34. Bc8 a5 35. Bb7 Kd8 36. Rf3 Rd7 37. Rf6 Raxb7 38. cxb7 Rxb7 39. Ra6 a4 40. a3 Kd7 41. Kg2 b4 42. axb4 Rxb4 43. f3 Rb2+ 44. Kg3 Rb4 45. Ra7+ Ke8 46. d6 Rd4 47. Re7+ Kf8 48. Rxe5 Rxd6 49. Ra5 Rd4 50. Ra7 Ke8 51. Kf4 Rb4 52. h4 Rc4 53. Ke5 Rc3 54. f4 a3 55. f5 gxf5 56. exf5 Rh3 57. Kf6 Rxh4 58. Rxa3 h6 59. g6 fxg6 60. fxg6 Rg4 61. Ra8+ Kd7 62. g7 1-0

[Event "Prague Golden op"]
[Site "Prague"]
[Date "2021.07.15"]
[Round "6"]
[White "Markin, M."]
[Black "Plesnivy, Martin"]
[Result "1-0"]
[WhiteElo "1139"]
[BlackElo "1668"]
[PlyCount "87"]
[EventDate "2021.07.10"]
[EventType "swiss"]
[EventRounds "9"]
[EventCountry "CZE"]
[SourceTitle "CBM 203 Extra"]
[Source "ChessBase"]
[SourceDate "2021.09.30"]
[SourceVersion "1"]
[SourceVersionDate "2021.09.30"]
[SourceQuality "1"]

1. e4 c5 2. Nf3 Nc6 3. d4 cxd4 4. Nxd4 a6 5. Nc3 e6 6. g3 Bb4 7. Nde2 Nf6 8. Bg2 d5 9. exd5 exd5 10. 0-0 Be6 11. a3 Bxc3 12. Nxc3 Qd7 13. Re1 0-0-0 14. Bf4 Rhe8 15. b4 d4 16. Na4 Ne5 17. Nb6+ Kc7 18. Nxd7 Rxd7 19. Bxe5+ Kc8 20. Bxf6 gxf6 21. Bh3 Rd6 22. Bxe6+ fxe6 23. Qh5 Red8 24. b5 Rd5 25. Qxh7 Rxb5 26. Rab1 Rd7 27. Qg8+ Kc7 28. Rxb5 axb5 29. Qxe6 Rd6 30. Qf7+ Kb6 31. Re6 Rc6 32. Rxc6+ bxc6 33. Qxf6 Kc5 34. h4 Kd5 35. h5 Kc4 36. h6 c5 37. h7 Kc3 38. h8Q Kxc2 39. Qh7+ d3 40. Qa1 c4 41. Qa2+ Kd1 42. Qh1 d2 43. Kg2+ Ke2 44. Qf1# 1-0

[Event "Prague Golden op"]
[Site "Prague"]
[Date "2021.07.13"]
[Round "4"]
[White "Aubrecht, Petr"]
[Black "Plesnivy, Martin"]
[Result "1-0"]
[WhiteElo "2050"]
[BlackElo "1668"]
[PlyCount "99"]
[EventDate "2021.07.10"]
[EventType "swiss"]
[EventRounds "9"]
[EventCountry "CZE"]
[SourceTitle "CBM 203 Extra"]
[Source "ChessBase"]
[SourceDate "2021.09.30"]
[SourceVersion "1"]
[SourceVersionDate "2021.09.30"]
[SourceQuality "1"]

1. b3 e5 2. Bb2 d6 3. e3 c5 4. c4 Be6 5. Nc3 Nf6 6. Nge2 Nc6 7. Ng3 Be7 8. Be2 d5 9. cxd5 Nxd5 10. 0-0 0-0 11. Rc1 f5 12. Nxd5 Bxd5 13. Bc4 Bxc4 14. Rxc4 Qd7 15. e4 f4 16. Nf5 g6 17. Nh6+ Kg7 18. Ng4 Bd6 19. f3 h5 20. Nf2 Rfe8 21. Nd3 Nd4 22. Nxc5 Bxc5 23. Rxc5 Nc6 24. Rd5 Qe6 25. d4 exd4 26. Bxd4+ Nxd4 27. Qxd4+ Kh6 28. Rd6 Qe5 29. Qxe5 Rxe5 30. Rc1 Rae8 31. Kf2 Ra5 32. Rc2 Re7 33. Ke2 Kg7 34. Kd3 h4 35. h3 Kf7 36. Kd4 Rae5 37. Rd5 R5e6 38. e5 g5 39. Rc8 Kg6 40. Ke4 Ra6 41. a4 Rb6 42. Rg8+ Kh6 43. Kf5 Rf7+ 44. Kg4 Rxb3 45. e6 Re7 46. Kf5 Rg7 47. Rh8+ Rh7 48. Rxh7+ Kxh7 49. e7 Re3 50. Re5 1-0

[Event "Prague Golden op"]
[Site "Prague"]
[Date "2021.07.12"]
[Round "3"]
[White "Plesnivy, Martin"]
[Black "Bara, Josef Sr"]
[Result "1-0"]
[WhiteElo "1668"]
[BlackElo "1406"]
[PlyCount "83"]
[EventDate "2021.07.10"]
[EventType "swiss"]
[EventRounds "9"]
[EventCountry "CZE"]
[SourceTitle "CBM 203 Extra"]
[Source "ChessBase"]
[SourceDate "2021.09.30"]
[SourceVersion "1"]
[SourceVersionDate "2021.09.30"]
[SourceQuality "1"]

1. d4 d5 2. Nf3 Bg4 3. e3 Nf6 4. c4 dxc4 5. Bxc4 e6 6. 0-0 Be7 7. Be2 0-0 8. Nc3 a6 9. e4 Bb4 10. e5 Nd5 11. Ne4 Ne7 12. Bg5 Qd7 13. a3 Ba5 14. Nc5 Qe8 15. Nxb7 Bb6 16. Nc5 Nbc6 17. Rc1 Bxc5 18. Rxc5 Nf5 19. Qa4 Nfe7 20. Bxe7 Nxe7 21. Qxe8 Rfxe8 22. Rxc7 Nf5 23. Rd1 a5 24. h3 Bxf3 25. Bxf3 Rad8 26. d5 exd5 27. Rxd5 Rxd5 28. Bxd5 Ne7 29. Bc4 g6 30. f4 Kf8 31. Ra7 Rc8 32. b3 Rc5 33. Kf2 Nd5 34. Bxd5 Rxd5 35. Rb7 Rd2+ 36. Kf3 Ra2 37. a4 Rb2 38. g4 Rh2 39. Kg3 Rc2 40. f5 gxf5 41. gxf5 Rc3+ 42. Kg4 1-0

[Event "CZE-ch Betsys Online Blitz"]
[Site "Chess.com INT"]
[Date "2021.04.17"]
[Round "5"]
[White "Plesnivy, Martin"]
[Black "Chalus, Karel"]
[Result "0-1"]
[WhiteElo "1668"]
[BlackElo "1992"]
[PlyCount "56"]
[EventDate "2021.04.17"]
[EventType "swiss (blitz)"]
[EventRounds "13"]
[EventCountry "CZE"]
[SourceTitle "CBM 201 Extra"]
[Source "ChessBase"]
[SourceDate "2021.05.31"]
[SourceVersion "1"]
[SourceVersionDate "2021.05.31"]
[SourceQuality "1"]

1. d4 Nf6 2. c4 g6 3. Nc3 Bg7 4. e4 d6 5. f4 0-0 6. e5 dxe5 7. fxe5 Ne8 8. h4 c5 9. h5 cxd4 10. hxg6 fxg6 11. Nd5 Bxe5 12. Bh6 Rf7 13. Nf3 Bg3+ 14. Kd2 e6 15. Ng5 Rf2+ 16. Kd3 exd5 17. Nxh7 Bf5+ 18. Kxd4 dxc4+ 19. Kxc4 Rc2+ 20. Qxc2 Bxc2 21. Kc3 Qc7+ 22. Bc4+ Kh8 23. Raf1 Be5+ 24. Kd2 Bf5 25. b3 Qxh7 26. Bf4 Bxf4+ 27. Kc3 Qxh1 28. Rxh1+ Kg7 0-1

[Event "Prague Golden rap op 15th"]
[Site "Prague"]
[Date "2019.06.30"]
[Round "6"]
[White "Plesnivy, Martin"]
[Black "Barton, Milan"]
[Result "0-1"]
[WhiteElo "1665"]
[BlackElo "1763"]
[PlyCount "96"]
[EventDate "2019.06.30"]
[EventType "swiss (rapid)"]
[EventRounds "7"]
[EventCountry "CZE"]
[SourceTitle "CBM 191 Extra"]
[Source "ChessBase"]
[SourceDate "2019.09.30"]
[SourceVersion "1"]
[SourceVersionDate "2019.09.30"]
[SourceQuality "1"]

1. d4 d5 2. Nf3 e6 3. c4 c6 4. e3 Nf6 5. Nc3 Nbd7 6. Bd3 Qa5 7. 0-0 Qc7 8. e4 dxe4 9. Nxe4 Nxe4 10. Bxe4 Nf6 11. Bc2 Be7 12. Qd3 h6 13. g3 b6 14. Bf4 Qd8 15. Ne5 Bb7 16. Ba4 0-0 17. Bxc6 Bxc6 18. Nxc6 Qd7 19. Ne5 Qb7 20. Qf3 Qxf3 21. Nxf3 Rac8 22. Rac1 Ne4 23. Rfd1 Rfd8 24. Kg2 f6 25. Re1 f5 26. Be3 g5 27. Ne5 Bb4 28. Red1 Kg7 29. f3 Nf6 30. Rh1 Nd7 31. Nd3 Be7 32. h4 Bf6 33. hxg5 hxg5 34. Rh5 Kg6 35. Rh2 Nf8 36. Ne5+ Kg7 37. f4 g4 38. b3 Ng6 39. Rch1 Rh8 40. Rxh8 Nxh8 41. Rd1 Nf7 42. Nxf7 Kxf7 43. d5 Ke7 44. dxe6 Kxe6 45. Bc1 Bc3 46. Ba3 Rc6 47. Rd8 Bf6 48. Kf2 Bxd8 0-1